[Event "XIII Abierto de la Constitucion"]
[Site "San Sebastian De Los Reyes"]
[Date "2011.12.06"]
[Round "5.11"]
[White "Nuñez Miranda, Adrian"]
[Black "Perez De Aranda A., Leonardo I"]
[Result "0-1"]
[WhiteElo "1866"]
[BlackElo "2117"]
[PlyCount "96"]
[EventDate "2011.12.02"]

1. e4 c5 2. Nf3 d6 3. c3 Nf6 4. Bd3 Nc6 5. Bc2 g6 6. Qe2 Bg4 7. d3 Bg7 8. Nbd2
O-O 9. h3 Bxf3 10. Nxf3 Ne8 11. h4 h6 12. Nh2 e5 13. Ng4 Kh7 14. h5 g5 15. g3
Kh8 16. Qf3 Nc7 17. Ne3 Ne7 18. Bb3 Ne6 19. Qg4 Nc7 20. f4 f6 21. Nf5 Nxf5 22.
Qxf5 d5 23. Bd2 b5 24. O-O-O d4 25. Kb1 a5 26. cxd4 a4 27. Bc2 cxd4 28. Bb4 Re8
29. fxg5 fxg5 30. Rdf1 Na6 31. Bd2 Qc8 32. Qf7 Qe6 33. Bd1 Nc5 34. Bc2 Qg4 35.
Qd5 Rac8 36. Bb4 Na6 37. Qxb5 Nxb4 38. Qxb4 Rxc2 39. Kxc2 Qe2+ 40. Kb1 Qxd3+
41. Ka1 Qxe4 42. Qxa4 Ra8 43. Qd7 d3 44. Rd1 Qc4 45. Kb1 Qxa2+ 46. Kc1 Qc4+ 47.
Kd2 Qc2+ 48. Ke1 Qe2# 0-1

[Event "XIII Abierto de la Constitucion"]
[Site "San Sebastian De Los Reyes"]
[Date "2011.12.06"]
[Round "5.12"]
[White "Cubillo Muñoz, Miguel"]
[Black "Largo Barbero, Benito"]
[Result "1-0"]
[WhiteElo "2006"]
[BlackElo "1798"]
[PlyCount "115"]
[EventDate "2011.12.02"]

1. e4 g6 2. c4 Bg7 3. Nc3 d6 4. d4 Nf6 5. f3 O-O 6. Be3 e5 7. Nge2 c6 8. Qd2 a6
9. O-O-O Qc7 10. Bh6 Nbd7 11. h4 b5 12. h5 Nb6 13. Ng3 Be6 14. Nf5 Ne8 15. Bxg7
Nxg7 16. Nh6+ Kh8 17. d5 cxd5 18. exd5 Bc8 19. Ne4 Bf5 20. Nxf5 gxf5 21. Nf6
Nxc4 22. Bxc4 Qxc4+ 23. Kb1 f4 24. b3 Qc8 25. g4 Ne8 {(=)} 26. Ne4 f5 27. Ng5
Ra7 28. Ne6 Rg8 29. Nxf4 fxg4 30. Ng6+ Kg7 31. Nh4 g3 32. Rdg1 Kf7 33. Qd3 Nf6
34. Nf5 Qf8 35. Qe3 Rc7 36. Nh6+ Ke8 37. Nxg8 Qxg8 38. Rc1 g2 39. Rhg1 Rxc1+
40. Qxc1 Qg3 41. Qc6+ Kf7 42. Qc7+ Ke8 43. Qc8+ Kf7 44. Qe6+ Kg7 45. Qe7+ Kh6
46. Qxf6+ Kxh5 47. Qf5+ Kh4 48. Qxh7+ Kg5 49. Qg7+ Kf4 50. Rxg2 Qxg7 51. Rxg7
Kxf3 52. Kc2 Ke4 53. Ra7 Kxd5 54. Rxa6 e4 55. Kd2 Kc5 56. b4+ Kxb4 57. Rxd6 Ka3
58. Ra6+ 1-0

[Event "XIII Abierto de la Constitucion"]
[Site "San Sebastian De Los Reyes"]
[Date "2011.12.06"]
[Round "5.14"]
[White "Cano Cabanillas, Javier"]
[Black "Gonzalez Berrendero, Carlos"]
[Result "1-0"]
[WhiteElo "1954"]
[BlackElo "1761"]
[PlyCount "111"]
[EventDate "2011.12.02"]

1. e4 e6 2. d4 d5 3. Nd2 c5 4. exd5 exd5 5. Ngf3 Nf6 6. Be2 Nc6 7. O-O cxd4 8.
Bb5 Bc5 9. Re1+ Be6 10. Nb3 Ne4 11. Nxc5 Nxc5 12. Bxc6+ bxc6 13. Qxd4 Ne4 14.
Qxg7 Qf6 15. Qxf6 Nxf6 16. b3 Ne4 17. Nd4 Kd7 18. f3 Nd6 19. Bb2 Rhg8 20. Nxe6
fxe6 21. Re5 Nf5 22. Kf2 Rg6 23. g4 Nd6 24. a4 Rf8 25. Rh5 Ne4+ 26. Ke2 Ng5 27.
h4 Nh3 28. Rxh7+ Kd6 29. Rxa7 Nf4+ 30. Kf2 e5 31. Ba3+ c5 32. Ra6+ Kd7 33. Rxg6
Nxg6 34. Bxc5 Rf7 35. Kg3 Nf4 36. Re1 Ne6 37. Ba3 Nd4 38. Rxe5 Rxf3+ 39. Kg2
Rf4 40. Rxd5+ Ke6 41. Rd6+ Ke5 42. Rg6 Ke4 43. h5 Nxc2 44. Bc5 Ne1+ 45. Kg3
Rf3+ 46. Kh4 Ng2+ 47. Kg5 Nf4 48. Rb6 Kd5 49. Rb5 Ke6 50. h6 Nh3+ 51. Kh4 Kf6
52. Bd4+ Kg6 53. Rb6+ Kh7 54. g5 Nf2 55. Rb7+ Kg6 56. Bxf2 1-0

[Event "XIII Abierto de la Constitucion"]
[Site "San Sebastian De Los Reyes"]
[Date "2011.12.06"]
[Round "5.15"]
[White "Montero Garcia, Fco. Javier"]
[Black "Hernandez Mateo, Borja"]
[Result "1-0"]
[WhiteElo "1935"]
[BlackElo "1713"]
[PlyCount "59"]
[EventDate "2011.12.02"]

1. d4 d5 2. Nf3 Nf6 3. c4 e6 4. g3 b6 5. Bg2 Bb7 6. O-O Nbd7 7. Qc2 Be7 8. Rd1
O-O 9. b3 c5 10. Nc3 Rc8 11. dxc5 bxc5 12. e3 Nb6 13. Bb2 a6 14. Rac1 Qc7 15.
cxd5 exd5 16. Ne2 Ne4 17. Be5 Bd6 18. Bxd6 Nxd6 19. Ng5 g6 20. Nf4 h6 21. Ngh3
Ne4 22. Nxd5 Nxd5 23. Bxe4 Nb4 24. Qb1 Bxe4 25. Qxe4 Nxa2 26. Rc4 Rfd8 27.
Rxd8+ Qxd8 {(=)} 28. Nf4 Qd6 29. Qc2 Nb4 30. Rxb4 1-0

[Event "XIII Abierto de la Constitucion"]
[Site "San Sebastian De Los Reyes"]
[Date "2011.12.06"]
[Round "5.16"]
[White "Juberias Guillen, Paloma"]
[Black "Sacristan Virseda, Fernando"]
[Result "0-1"]
[WhiteElo "1759"]
[BlackElo "1891"]
[PlyCount "120"]
[EventDate "2011.12.02"]

1. d4 Nf6 2. c4 e5 3. e3 exd4 4. exd4 d5 5. Nc3 Be7 6. Nf3 O-O 7. h3 c6 8. Bd3
Be6 9. Ng5 Qd7 10. cxd5 Bxd5 11. Nxd5 Qxd5 12. O-O Nbd7 13. Bc2 h6 14. Nf3 Rad8
15. Qe2 Rfe8 16. Bb3 Qa5 17. Ne5 Nxe5 18. dxe5 Nd5 19. Qg4 Qb4 20. Qh5 Bf8 21.
f4 a5 22. Qe2 Qd4+ 23. Kh1 Bc5 24. Rd1 Nxf4 25. Bxf4 Qxf4 26. Rxd8 Rxd8 27. Rf1
Qd4 28. Bxf7+ Kh8 29. e6 Qd3 30. Re1 Be7 31. Qe5 Qd2 32. Bh5 Rd5 33. Qe2 Qxe2
34. Bxe2 Re5 35. Kg1 Bb4 36. Kf2 Bxe1+ 37. Kxe1 Rxe6 38. Kd2 g5 39. Bf3 Kg7 40.
Kd3 Re5 41. Kd4 Kf6 42. b3 Ke6 43. a4 Kd6 44. Bg4 c5+ 45. Kc4 Re4+ 46. Kc3 Ke5
47. Kd3 Rb4 48. Kc3 b6 49. Bf3 Kf4 50. Bg4 Ke3 51. Bf3 c4 52. bxc4 Rxa4 53. Bc6
Ra3+ 54. Kb2 Rd3 55. Kc2 Rd2+ 56. Kc3 h5 57. Kb3 Kd4 58. Bf3 Rd3+ 59. Ka4 Rxf3
60. gxf3 Kxc4 0-1

[Event "XIII Abierto de la Constitucion"]
[Site "San Sebastian De Los Reyes"]
[Date "2011.12.06"]
[Round "5.18"]
[White "Perez-Nuñez Castillo, Jose Antonio"]
[Black "Aziz Ortego, Omar Luis"]
[Result "0-1"]
[WhiteElo "1665"]
[BlackElo "2139"]
[PlyCount "86"]
[EventDate "2011.12.02"]

1. d4 e6 2. c4 Nf6 3. Nc3 Bb4 4. Qc2 c5 5. dxc5 Nc6 6. Nf3 O-O 7. e3 Bxc5 8.
Be2 d5 9. O-O Qe7 10. a3 a5 11. Bd2 Bd7 12. cxd5 exd5 13. Rac1 Bd6 14. Nb5 Bb8
15. Bd3 Ne4 16. Bc3 h6 17. Qb3 Be6 18. Nbd4 Nc5 19. Qc2 Nxd3 20. Qxd3 Ra6 21.
Rfd1 Bg4 22. h3 Ne5 23. Qe2 Bh5 24. Nf5 Qe6 25. g4 Qxf5 26. Nxe5 Bxe5 27. Rxd5
Bh2+ 28. Kxh2 Qxd5 29. gxh5 Rd8 30. Rg1 g5 31. hxg6 Rxg6 32. Rxg6+ fxg6 33. Bd4
Rc8 34. Bc3 Rc4 35. f4 h5 36. Qc2 Kf7 37. Qf2 b5 38. Kg3 b4 39. axb4 axb4 40.
Bd4 Qe4 41. Qf1 Rc2 42. h4 b3 43. Kh3 Qf5+ 0-1

[Event "XIII Abierto de la Constitucion"]
[Site "San Sebastian De Los Reyes"]
[Date "2011.12.06"]
[Round "5.19"]
[White "Montiel Miguelez, Manuel"]
[Black "Martinez Cepedano, Roberto"]
[Result "0-1"]
[WhiteElo "1934"]
[BlackElo "1683"]
[PlyCount "78"]
[EventDate "2011.12.02"]

1. e4 c5 2. Nf3 d6 3. d4 cxd4 4. Nxd4 Nf6 5. Nc3 g6 6. Be2 Bg7 7. Bg5 Nc6 8.
Nb3 Be6 9. O-O O-O 10. Kh1 h6 11. Bh4 g5 12. Bg3 d5 13. exd5 Nxd5 14. Nxd5 Bxd5
15. c3 f5 16. f4 g4 17. Qe1 Qe8 18. Rd1 Qf7 19. Rf2 Rad8 20. Nc5 b6 21. Nd3
Bxa2 22. Ne5 Nxe5 23. fxe5 Rxd1 24. Qxd1 Qd5 25. Qa4 Bb3 26. c4 Qxg2+ 27. Kxg2
Bxa4 28. Bd3 e6 29. b4 Rd8 30. Bf1 Bc6+ 31. Kg1 a5 32. bxa5 bxa5 33. Ra2 a4 34.
Kf2 Bf8 35. Bh4 Rd7 36. Bg2 Bxg2 37. Kxg2 a3 38. Bf2 Rb7 39. c5 Bxc5 0-1

[Event "XIII Abierto de la Constitucion"]
[Site "San Sebastian De Los Reyes"]
[Date "2011.12.06"]
[Round "5.20"]
[White "Vidaurre, Luis Alberto"]
[Black "Salgado Duarte, Pablo"]
[Result "1-0"]
[WhiteElo "1871"]
[BlackElo "1500"]
[PlyCount "89"]
[EventDate "2011.12.02"]

1. d4 d5 2. Nf3 Nf6 3. Bf4 Nc6 4. e3 a6 5. c4 e6 6. Nc3 Bb4 7. Qc2 Ne4 8. Bd3
Nxc3 9. bxc3 Bd6 10. Bg3 Bxg3 11. hxg3 g6 12. g4 dxc4 13. Bxc4 Qf6 14. g5 Qe7
15. Ke2 b5 16. Bd3 Bb7 17. Rh4 O-O-O 18. Rah1 e5 19. Be4 exd4 20. cxd4 Nb4 21.
Bxb7+ Kxb7 22. Qb2 Nd5 23. Rxh7 Rhe8 24. Qb3 Nf4+ 25. Kf1 Ne6 26. R1h6 Rg8 27.
Rh4 Rgf8 28. Re4 Qd6 29. Re5 c5 30. Qxe6 c4 31. Qxd6 Rxd6 32. Re7+ Kb6 33.
Rexf7 Rc8 34. Rf6 Rcc6 35. Ne5 c3 36. Rxd6 Rxd6 37. Ke2 Ka5 38. Kd3 b4 39. Nc4+
Ka4 40. Nxd6 Ka3 41. Ra7 Kb2 42. Nc4+ Kb1 43. Rxa6 c2 44. Nd2+ Kb2 45. Nb3 1-0

[Event "XIII Abierto de la Constitucion"]
[Site "San Sebastian De Los Reyes"]
[Date "2011.12.06"]
[Round "5.21"]
[White "Lianes Garcia, Marcos"]
[Black "De La Orden Alcocer, Alejandro"]
[Result "0-1"]
[WhiteElo "1471"]
[BlackElo "1853"]
[PlyCount "102"]
[EventDate "2011.12.02"]

1. e4 c5 2. c3 d5 3. exd5 Qxd5 4. d4 Nc6 5. Nf3 Bg4 6. Be2 e6 7. O-O Nf6 8. Be3
cxd4 9. cxd4 Be7 10. Nc3 Qd8 11. a3 O-O 12. Rc1 a6 13. Qc2 Rc8 14. Rfd1 Bf5 15.
Bd3 Bxd3 16. Qxd3 Nd5 17. Bd2 Na5 18. Nxd5 Qxd5 19. Bxa5 Qxa5 20. Nd2 Bg5 21.
Rxc8 Rxc8 22. Nc4 Qb5 23. b3 Be7 24. h3 Rd8 25. Qc3 Qc6 26. Qe3 Bf6 27. Kf1 h6
28. f3 b5 29. Na5 Qb6 30. b4 Rxd4 31. Rxd4 Qxd4 32. Qxd4 Bxd4 33. Nc6 Bb6 34.
Nb8 a5 35. bxa5 Bxa5 36. Nc6 Bb6 37. Nb4 Kf8 38. Ke2 Ke7 39. Kd3 Kd6 40. Ke4
f5+ 41. Kd3 Bc5 42. Nc2 e5 43. g4 g6 44. Nb4 Bxb4 45. axb4 Kd5 46. h4 fxg4 47.
fxg4 e4+ 48. Ke3 Ke5 49. h5 g5 50. Ke2 Kd4 51. Kd2 e3+ 0-1

[Event "XIII Abierto de la Constitucion"]
[Site "San Sebastian De Los Reyes"]
[Date "2011.12.06"]
[Round "5.26"]
[White "Sanchez Tapia, Luis Gabriel"]
[Black "Martinez Miura, Enrique"]
[Result "0-1"]
[WhiteElo "1605"]
[BlackElo "1713"]
[PlyCount "100"]
[EventDate "2011.12.02"]

1. e4 e6 2. d4 d5 3. Nd2 Nf6 4. e5 Nfd7 5. c4 dxc4 6. Bxc4 Nb6 7. Ngf3 Nxc4 8.
Nxc4 Bb4+ 9. Bd2 Bxd2+ 10. Ncxd2 O-O 11. Ne4 b6 12. O-O Bb7 13. Qc2 h6 14. Rac1
Nc6 15. Rfd1 Nb4 16. Qe2 Nxa2 17. Ra1 Nb4 18. Rd2 a5 19. Nc3 Ba6 20. Qe4 Bc4
21. Qg4 Qe7 22. Ne4 Kh8 23. Qh5 Bd5 24. Re2 Bxe4 25. Rxe4 f5 26. exf6 Qxf6 27.
Rae1 Rae8 28. Qh3 Nd3 29. R1e3 Nxb2 30. Rxe6 Rxe6 31. Rxe6 Qf4 32. Qh5 Nd3 33.
Re3 Nb4 34. Qb5 Nc2 35. g3 Nxd4 36. gxf4 Nxb5 37. Re5 Nd6 38. Re7 Rf7 39. Re6
Rxf4 40. Ne5 Kg8 41. f3 Rf5 42. Kf2 a4 43. Nc6 Rc5 44. Nd4 b5 45. Ke2 Kf7 46.
Kd3 Rd5 47. Re1 c5 48. Rc1 Rxd4+ 49. Ke2 Nc4 50. Rh1 b4 0-1

[Event "XIII Abierto de la Constitucion"]
[Site "San Sebastian De Los Reyes"]
[Date "2011.12.06"]
[Round "5.27"]
[White "Al-Zarif Zabala, Bassam"]
[Black "Del Campo Lobo, Joaquin"]
[Result "1-0"]
[WhiteElo "1701"]
[BlackElo "1608"]
[PlyCount "95"]
[EventDate "2011.12.02"]

1. e4 e5 2. d4 exd4 3. Qxd4 Nc6 4. Qe3 g6 5. Nc3 Bg7 6. Bd2 Nge7 7. Bc4 O-O 8.
O-O-O d6 9. h3 Ne5 10. Bb3 Be6 11. f4 Bxb3 12. axb3 N5c6 13. Nf3 f5 14. g4 Nc8
15. gxf5 gxf5 16. exf5 Rxf5 17. Rhg1 Nb6 18. Qe6+ Rf7 19. Ng5 Qe7 20. Qxf7+
Qxf7 21. Nxf7 Kxf7 22. Ne4 h6 23. Ng3 Bd4 24. Rgf1 Ne7 25. f5 Nbd5 26. Rf3 Rh8
27. Ne2 Be5 28. Nc3 Kf6 29. Nxd5+ Nxd5 30. c4 Ne7 31. Bc3 Nc6 32. Bxe5+ Nxe5
33. Rf4 Rf8 34. h4 Rg8 35. Kc2 Rg2+ 36. Rd2 Rg4 37. Rxg4 Nxg4 38. Re2 Ne5 39.
Rf2 Ng4 40. Rf3 Ne5 41. Rf4 a5 42. Kc3 Nc6 43. Rf1 b6 44. Kd3 Ne7 45. Ke4 c6
46. Rf2 Nc8 47. Rd2 Ke7 48. Rg2 1-0

[Event "XIII Abierto de la Constitucion"]
[Site "San Sebastian De Los Reyes"]
[Date "2011.12.06"]
[Round "5.28"]
[White "Tevar Becerra, Alvaro"]
[Black "Navarro Rodriguez, Jesus"]
[Result "1-0"]
[WhiteElo "1525"]
[BlackElo "1691"]
[PlyCount "61"]
[EventDate "2011.12.02"]

1. e4 c5 2. Nf3 e6 3. c3 Nf6 4. e5 Nd5 5. d4 Nc6 6. c4 Nde7 7. d5 Nb8 8. Nc3
exd5 9. cxd5 d6 10. Bg5 h6 11. Bh4 g5 12. Bg3 Nf5 13. Bb5+ Bd7 14. Qe2 Nxg3 15.
hxg3 Qe7 16. Bxd7+ Nxd7 17. Nb5 Nxe5 18. Nxe5 dxe5 19. d6 Qf6 20. Nc7+ Kd8 21.
Nxa8 Bxd6 22. Qf3 Qe7 23. Rd1 e4 24. Qa3 b6 25. Nxb6 e3 26. Qxe3 Qxe3+ 27. fxe3
Kc7 28. Nd5+ Kc6 29. g4 a5 30. Rf1 Rb8 31. Rf6 1-0

[Event "XIII Abierto de la Constitucion"]
[Site "San Sebastian De Los Reyes"]
[Date "2011.12.06"]
[Round "5.29"]
[White "Plazuelo Pascual, Juan"]
[Black "Cerrato Sampablo, Antonio"]
[Result "1-0"]
[WhiteElo "1678"]
[BlackElo "1581"]
[PlyCount "21"]
[EventDate "2011.12.02"]

1. e4 e6 2. d4 d5 3. Nc3 Nf6 4. Bg5 Be7 5. e5 Nfd7 6. Bxe7 Qxe7 7. Nf3 c5 8.
Nb5 Nb6 9. Nd6+ Kd7 10. dxc5 Na4 11. Bb5+ 1-0

[Event "XIII Abierto de la Constitucion"]
[Site "San Sebastian De Los Reyes"]
[Date "2011.12.06"]
[Round "5.30"]
[White "Anton Quevedo, Andrea"]
[Black "Perez Perez, Elena"]
[Result "0-1"]
[WhiteElo "1445"]
[BlackElo "1677"]
[PlyCount "48"]
[EventDate "2011.12.02"]

1. e4 e5 2. Nf3 Nc6 3. Bc4 Bc5 4. c3 Nf6 5. d4 exd4 6. O-O Nxe4 7. cxd4 d5 8.
dxc5 dxc4 9. Qe2 Qd3 10. Re1 f5 11. Nc3 O-O 12. Nxe4 fxe4 13. Qxe4 Qxe4 14.
Rxe4 h6 15. Rxc4 Be6 16. Rc3 Bd5 17. b3 Rf7 18. Ne1 Re7 19. Bf4 Nd4 20. Re3
Rae8 21. Rxe7 Rxe7 22. Nd3 Be4 23. Be3 Ne2+ 24. Kf1 Bxd3 0-1

[Event "XIII Abierto de la Constitucion"]
[Site "San Sebastian De Los Reyes"]
[Date "2011.12.06"]
[Round "5.42"]
[White "Perez Perez, Marta"]
[Black "Jimenez Perez, Federico"]
[Result "1-0"]
[WhiteElo "1404"]
[BlackElo "1304"]
[PlyCount "101"]
[EventDate "2011.12.02"]

1. e4 c5 2. Nc3 d6 3. g3 Nc6 4. Bg2 Nf6 5. d3 Bg4 6. Nf3 h6 7. h3 Bh5 8. Be3 e6
9. O-O Be7 10. Ne2 g5 11. g4 Bg6 12. Ng3 Qd7 13. Nd2 O-O-O 14. f4 Rh7 15. f5 h5
16. fxg6 fxg6 17. Bxg5 Nxg4 18. Bxe7 Qxe7 19. hxg4 hxg4 20. Qxg4 Kb8 21. Qxg6
Qh4 22. Nf3 Qe7 23. Qg5 Qd7 24. Rae1 Rdh8 25. e5 Rg7 26. Qf6 Rhg8 27. exd6 Rxg3
28. Nh4 Nd4 29. Qf8+ Qd8 30. Qxd8+ Rxd8 31. c3 Nf5 32. Nxf5 exf5 33. Re7 Rdg8
34. Rf2 Kc8 35. Kf1 Kd8 36. Bxb7 Rxd3 37. Ree2 Rd1+ 38. Re1 Rxd6 39. Rxf5 Rh8
40. Rf7 a5 41. b4 axb4 42. cxb4 c4 43. a4 c3 44. Rc1 c2 45. Rxc2 Rd1+ 46. Ke2
Ke8 47. Kxd1 Kxf7 48. a5 Rd8+ 49. Rd2 Ke7 50. a6 Rb8 51. a7 1-0

[Event "XIII Abierto de la Constitucion"]
[Site "San Sebastian De Los Reyes"]
[Date "2011.12.07"]
[Round "6.1"]
[White "Almagro Llamas, Pablo"]
[Black "Adan Bermudez, Sergio"]
[Result "1-0"]
[WhiteElo "2461"]
[BlackElo "2292"]
[PlyCount "49"]
[EventDate "2011.12.02"]

1. e4 c5 2. Nf3 Nc6 3. Bb5 Nf6 4. Qe2 Qc7 5. O-O g6 6. Nc3 Nd4 7. Nxd4 cxd4 8.
e5 dxc3 9. exf6 cxb2 10. Bxb2 Qxc2 11. Rac1 Qxb2 12. Qc4 Qxc1 13. Rxc1 exf6 14.
Qd5 Be7 15. Rxc8+ Rxc8 16. Qxd7+ Kf8 17. Qxc8+ Kg7 18. Qxb7 Bc5 19. Bc4 Rf8 20.
g3 Kh6 21. Qd5 Bb6 22. d3 Re8 23. Qxf7 Re1+ 24. Kg2 Re2 25. Qxf6 1-0

[Event "XIII Abierto de la Constitucion"]
[Site "San Sebastian De Los Reyes"]
[Date "2011.12.07"]
[Round "6.2"]
[White "Hernando Pertierra, Jose Carlos"]
[Black "Barez Menendez, Hector"]
[Result "1-0"]
[WhiteElo "2373"]
[BlackElo "2161"]
[PlyCount "115"]
[EventDate "2011.12.02"]

1. c4 e6 2. d4 d5 3. cxd5 exd5 4. Nc3 Nf6 5. Bg5 c6 6. Qc2 Na6 7. a3 Nc7 8. e3
Ne6 9. Bh4 Be7 10. Nf3 O-O 11. Rd1 g6 12. h3 Ng7 13. Bd3 Bf5 14. Bg3 Bxd3 15.
Qxd3 Nf5 16. Bh2 Nd6 17. Nd2 Re8 18. O-O Bf8 19. Be5 Nd7 20. Bf4 f5 21. Bxd6
Bxd6 22. f4 Nf6 23. Nf3 Ne4 24. Ne5 Nxc3 25. Qxc3 a5 26. Rd2 Qh4 27. Kh2 a4 28.
Rg1 c5 29. g4 fxg4 30. Rxg4 Qf6 31. Rg5 cxd4 32. Qxd4 Bxe5 33. Qxd5+ Kh8 34.
Rxe5 Rxe5 35. fxe5 Qe7 36. e6 Re8 37. Qd4+ Kg8 38. Qxa4 Qxe6 39. Re2 Qe5+ 40.
Kg2 Rf8 41. Qc4+ Kg7 42. Qd4 Re8 43. Rc2 Qxd4 44. exd4 Kf6 45. Kf3 Rd8 46. Ke4
Re8+ 47. Kd3 Re7 48. Rf2+ Kg5 49. d5 Kh4 50. Rf3 h5 51. Kd4 g5 52. d6 Rg7 53.
Ke5 g4 54. hxg4 hxg4 55. Rd3 Rg8 56. d7 Rd8 57. Kd6 g3 58. Kc7 1-0

[Event "XIII Abierto de la Constitucion"]
[Site "San Sebastian De Los Reyes"]
[Date "2011.12.07"]
[Round "6.3"]
[White "Cueto, Johnny"]
[Black "Ramos Del Campo, Alexander"]
[Result "1-0"]
[WhiteElo "2301"]
[BlackElo "2038"]
[PlyCount "101"]
[EventDate "2011.12.02"]

1. d4 Nf6 2. Bf4 e6 3. Nd2 c5 4. e3 Be7 5. Bd3 b6 6. Qf3 Nc6 7. c3 Bb7 8. Qh3
O-O 9. Ngf3 d5 10. g4 g6 11. Qg2 cxd4 12. exd4 Re8 13. O-O-O b5 14. a3 a5 15.
Bxb5 a4 16. Ne5 Qb6 17. Bxc6 Bxc6 18. Nxc6 Qxc6 19. Nb1 Nd7 20. h4 Nb6 21. g5
Nc4 22. f3 Ra7 23. Rde1 Rc8 24. Re2 Qb6 25. h5 Rb7 26. hxg6 fxg6 27. Rh2 Bxa3
28. Nxa3 Nxa3 29. Qg4 Rxc3+ 30. Kd1 Rd3+ 31. Ke1 Re7 32. bxa3 Qxd4 33. Be3 Qxg4
34. fxg4 Rxa3 35. Bc5 Ra1+ 36. Kd2 Rc7 37. Bd4 Ra2+ 38. Ke3 Rxe2+ 39. Rxe2 Rc4
40. Kd3 Kf7 41. Rh2 e5 42. Bxe5 Rxg4 43. Rxh7+ Ke6 44. Bf6 Rg3+ 45. Kd4 Rg4+
46. Kc3 Rc4+ 47. Kd3 Re4 48. Ra7 Kf5 49. Ra5 Ke6 50. Ra6+ Kd7 51. Bd4 1-0

[Event "XIII Abierto de la Constitucion"]
[Site "San Sebastian De Los Reyes"]
[Date "2011.12.07"]
[Round "6.4"]
[White "Dierssen Garcia-Barredo, Guillermo"]
[Black "Quevedo Marin, Manuel"]
[Result "0-1"]
[WhiteElo "1770"]
[BlackElo "2184"]
[PlyCount "78"]
[EventDate "2011.12.02"]

1. d4 d5 2. c4 c6 3. Nf3 Nf6 4. cxd5 cxd5 5. Nc3 Nc6 6. Bf4 a6 7. e3 Bg4 8. Be2
Bxf3 9. Bxf3 e6 10. O-O Bd6 11. Bxd6 Qxd6 12. Be2 b5 13. Rc1 O-O 14. Qd2 Rfc8
15. Rfd1 Qd8 16. f3 Qb6 17. Kh1 Rd8 18. Bd3 Rac8 19. Bb1 Na5 20. b3 Nc6 21. Ne2
Ne7 22. e4 Rxc1 23. Nxc1 dxe4 24. fxe4 Nc6 25. Ne2 Nxd4 26. Nxd4 e5 27. Qc2 Qd6
28. Qe2 exd4 29. e5 Qe6 30. Re1 Nd7 31. Qe4 Nf8 32. Rd1 Qd5 33. Qh4 Ng6 34. Qh5
Re8 35. Qf5 Qxe5 36. Qf2 Qe3 37. Qf1 Nf4 38. h3 Ne2 39. Kh2 Qe5+ 0-1

[Event "XIII Abierto de la Constitucion"]
[Site "San Sebastian De Los Reyes"]
[Date "2011.12.07"]
[Round "6.5"]
[White "Perez De Aranda A., Leonardo I"]
[Black "Gueler Berdasco, Martin"]
[Result "1-0"]
[WhiteElo "2117"]
[BlackElo "1879"]
[PlyCount "21"]
[EventDate "2011.12.02"]

1. e4 c5 2. Nf3 e6 3. d4 cxd4 4. Nxd4 Nf6 5. Nc3 Nc6 6. Ndb5 Bb4 7. Nd6+ Ke7 8.
Bf4 Qa5 9. Qd2 Rd8 10. Nc4 Qc5 11. Bd6+ 1-0

[Event "XIII Abierto de la Constitucion"]
[Site "San Sebastian De Los Reyes"]
[Date "2011.12.07"]
[Round "6.6"]
[White "Lopez De Turiso Sanchez, Jose Angel"]
[Black "Semprun Martinez, Fernando"]
[Result "0-1"]
[WhiteElo "2065"]
[BlackElo "2175"]
[PlyCount "84"]
[EventDate "2011.12.02"]

1. Nf3 c5 2. c3 d5 3. d4 e6 4. Bf4 Qb6 5. Qc2 Nc6 6. e3 Nf6 7. Nbd2 Bd7 8. Bd3
Rc8 9. Qb3 c4 10. Qxb6 axb6 11. Bc2 b5 12. a3 Nh5 13. Bg3 f5 14. Be5 Be7 15. h3
Nf6 16. g4 O-O 17. Ke2 Ne4 18. gxf5 exf5 19. Rag1 Nxe5 20. Nxe5 Be8 21. Rg2
Bh5+ 22. Ke1 Bh4 23. Ndf3 Bf6 24. Rhg1 Rc7 25. h4 Re7 26. Bd1 f4 27. Be2 Nd6
28. Ng4 Bxg4 29. Rxg4 fxe3 30. fxe3 Rxe3 31. Kd1 Rfe8 32. R1g2 Nf5 33. Kd2 R3e4
34. Rxe4 dxe4 35. Ng5 e3+ 36. Kc2 Nxh4 37. Rg4 Bxg5 38. Rxg5 Rf8 39. Rxb5 Rf2
40. Kd1 Kf8 41. Bxc4 Rd2+ 42. Ke1 Nf3+ 0-1

[Event "XIII Abierto de la Constitucion"]
[Site "San Sebastian De Los Reyes"]
[Date "2011.12.07"]
[Round "6.7"]
[White "Muñoz Sanchez, Daniel"]
[Black "Bustos Serrano, Doroteo"]
[Result "1-0"]
[WhiteElo "1995"]
[BlackElo "2120"]
[PlyCount "53"]
[EventDate "2011.12.02"]

1. b3 e5 2. Bb2 Nc6 3. e3 d5 4. Bb5 Bd6 5. Nf3 f6 6. c4 Nge7 7. cxd5 Nxd5 8.
Nd4 exd4 9. Qh5+ Ke7 10. Qxd5 Be6 11. Qe4 dxe3 12. fxe3 Qd7 13. O-O a6 14. Be2
Raf8 15. d4 f5 16. Qh4+ Ke8 17. Nc3 Ne7 18. Bf3 c6 19. d5 cxd5 20. Rad1 Rhg8
21. Qd4 Nc6 22. Qd2 f4 23. Bxd5 Bc5 24. Bxe6 Qxe6 25. Nd5 fxe3 26. Nc7+ Ke7 27.
Nxe6 1-0

[Event "XIII Abierto de la Constitucion"]
[Site "San Sebastian De Los Reyes"]
[Date "2011.12.07"]
[Round "6.8"]
[White "Aziz Ortego, Omar Luis"]
[Black "Montero Garcia, Fco. Javier"]
[Result "1-0"]
[WhiteElo "2139"]
[BlackElo "1935"]
[PlyCount "63"]
[EventDate "2011.12.02"]

1. e4 c5 2. c4 Nc6 3. Nf3 e5 4. d3 g6 5. Be2 Bg7 6. Nfd2 Nge7 7. Nf1 O-O 8. Ne3
d6 9. Nc3 f5 10. O-O Nd4 11. Ned5 Nxd5 12. Nxd5 Be6 13. exf5 gxf5 14. Bf3 Rb8
15. Be3 a6 16. Bxd4 cxd4 17. a4 b5 18. axb5 axb5 19. b3 e4 20. dxe4 Bxd5 21.
exd5 bxc4 22. bxc4 Rb4 23. Qd3 Qc8 24. Be2 Qb8 25. Rab1 Be5 26. Rxb4 Qxb4 27.
Rb1 Qc3 28. Qd1 Ra8 29. Bd3 Ra7 30. Bxf5 Qxc4 31. Qg4+ Kf7 32. Bxh7 1-0

[Event "XIII Abierto de la Constitucion"]
[Site "San Sebastian De Los Reyes"]
[Date "2011.12.07"]
[Round "6.9"]
[White "Cavalle Pulla, Daniel"]
[Black "Balsinde Montemayor, Pablo"]
[Result "0-1"]
[WhiteElo "1997"]
[BlackElo "1790"]
[PlyCount "56"]
[EventDate "2011.12.02"]

1. e4 d6 2. d4 Nf6 3. Nc3 e5 4. Nf3 Nbd7 5. Bc4 Be7 6. O-O O-O 7. Re1 c6 8. a4
a5 9. h3 exd4 10. Qxd4 Nb6 11. Bb3 d5 12. exd5 Nbxd5 13. Nxd5 Nxd5 14. Bxd5
cxd5 15. Bf4 Bf5 16. c3 b6 17. Be5 f6 18. Bc7 Qxc7 19. Qxd5+ Kh8 20. Qxf5 Bc5
21. Nd2 Rfe8 22. Nb3 h6 23. Rad1 Rad8 {(=)} 24. g3 Qxg3+ 25. Kf1 Qh2 26. Qf3
Rxd1 27. Rxd1 Bxf2 28. Qxf2 Qh1+ 0-1

[Event "XIII Abierto de la Constitucion"]
[Site "San Sebastian De Los Reyes"]
[Date "2011.12.07"]
[Round "6.10"]
[White "Sebastian Enesco, Alex"]
[Black "Camarero Izquierdo, Juan Carlos"]
[Result "0-1"]
[WhiteElo "1784"]
[BlackElo "1915"]
[PlyCount "90"]
[EventDate "2011.12.02"]

1. b4 e5 2. Bb2 d6 3. c4 Be6 4. e3 f5 5. d4 Nd7 6. d5 Bf7 7. Qa4 Ngf6 8. Ne2
Be7 9. Ng3 Bg6 10. h4 f4 11. exf4 exf4 12. Ne2 Nh5 13. Nd4 Bf6 14. Ne6 Qe7 15.
Qb3 Bf7 16. Be2 Bxe6 17. dxe6 Qxe6 18. Kd1 Qf7 19. Nc3 O-O 20. Bf3 c6 21. Ne4
Rad8 22. Bxf6 Nhxf6 23. Ng5 Qe7 24. Re1 Ne5 25. c5+ d5 26. Qc3 Rfe8 27. Kc2 h6
28. Nh3 Qe6 29. Re2 Qf5+ 30. Kd1 Kh8 31. Qc2 Ne4 32. Bxe4 dxe4+ 33. Rd2 Qg4+
34. Kc1 Nd3+ 35. Kb1 Qxg2 36. Ng5 hxg5 37. hxg5 Qxg5 38. f3 Qd5 39. Qc3 e3 40.
Rg2 Ne5 41. Kc2 Qd3+ 42. Qxd3 Nxd3 43. Rag1 Rd7 44. Re2 Nxb4+ 45. Kc3 Nd3 0-1